000 00343nam a2200145Ia 4500
003 OSt
005 20231219060841.0
008 170524s9999 xx 000 0 und d
020 _a9788176297073
040 _cIIMT UNIVERSITY
100 _aSHARMA- DIWAKAR
245 0 _aMODERN JOURNALISM REPORTING
260 _bDELHI: SIPRA
942 _2ddc
_c01
999 _c9299
_d9299